00418nam a22001097a 4500003000400000005001700004008004100021040000800062100004600070245016500116260002700281OSt20250912124547.0250912b |||||||| |||| 00| 0 eng d cKMU aBanda, MathiaseFisheries and Aquaculture aAwareness and perception by secondary pupils, teachers and school administrators on fisheries and aquaculture in Zambia:bA case study of Lusaka/cMathias Banda aChinsali:bKMU,c2018.